Sports Quiz

Random Sports or Soccer Quiz

All time Leeds United goal scorers Quiz Stats

 Plays Quiz not verified by Sporcle

Score 0/10 Timer 05:00
0 Plays Today
Name % Correct
Peter Lorimer
88.9%
Allan Clarke
87%
Billy Bremner
81.5%
John Charles
75.9%
Mick Jones
69.1%
Johnny Giles
67.9%
Jack Charlton
52.5%
Tom Jennings
11.1%
Charlie Keetley
8%
Russell Wainscoat
6.2%

You're not logged in!

Compare scores with friends on all Sporcle quizzes.
OR
Log In

Show Comments

Extras

Top Quizzes Today


Score Distribution

Your Account Isn't Verified!

In order to create a playlist on Sporcle, you need to verify the email address you used during registration. Go to your Sporcle Settings to finish the process.

Report this User

Report this user for behavior that violates our Community Guidelines.

Details: